Data visualization 2000 : proceedings of the EUROGRAPHCIS and IEEE TCVG Symposium

Αποθηκεύτηκε σε:
Λεπτομέρειες βιβλιογραφικής εγγραφής
Συγγραφή απο Οργανισμό/Αρχή: Joint EUROGRAPHICS and IEEE TCVG Symposium on Visualization Amsterdam
Άλλοι συγγραφείς: De Leeuw, W. (Willem) (Επιμελητής έκδοσης), Liere, R. van (Robert) (Επιμελητής έκδοσης)
Μορφή: Πρακτικό Συνεδρίου Βιβλίο
Γλώσσα:English
Δημοσίευση: Wien : Springer, c2000.
Σειρά:Eurographics (Series)
Θέματα:
Ετικέτες: Προσθήκη ετικέτας
Δεν υπάρχουν, Καταχωρήστε ετικέτα πρώτοι!

MARC

LEADER 00000cam a2200000 i 4500
001 1/15826
008 010122s2000 gw | ||| |||| ||eng||
020 |a 3211835156 
035 |l 10065557 
040 |a GR-MyUa  |b gre  |e AACR2 
041 0 |a eng 
082 7 |a 006   |2 (22) 
111 2 |a Joint EUROGRAPHICS and IEEE TCVG Symposium on Visualization   |d (2000 :   |c Amsterdam) 
245 1 0 |a Data visualization 2000 :   |b proceedings of the EUROGRAPHCIS and IEEE TCVG Symposium /   |c W. de Leeuw, R. van Liere (eds.). 
260 |a Wien :   |b Springer,   |c c2000. 
300 |a xi, 296 σ. :   |b εικ. ;   |c 25 εκ. 
490 1 |a (Eurographics) 
504 |a Περιλαμβάνει βιβλιογραφικές παραπομπές και ευρετήριο. 
650 0 0 |a Computer graphics  |x Congresses. 
650 0 0 |a Visual perception  |x Congresses. 
650 0 0 |a Visualization  |x Data processing  |x Congresses. 
700 1 |a De Leeuw, W.   |q (Willem)  |e edt 
700 1 |a Liere, R. van   |q (Robert)  |e edt 
830 0 |a Eurographics (Series) 
852 |a INST  |b SYROS  |e 20010122  |h 006 JOI  |p 005500001705  |q 005500001705  |t BK  |y 0 
901 |a BIBL5-2001-1 
922 |a 5ΕΛΗ  |b 200012  |c ΓΡΑΦΙΚΩΝ ΤΕΧΝΩΝ  |d ΜΙΧΑΛΟΠΟΥΛΟΣ 
950 |a 183-2000-12-08 
970 |a ΚΟΝΤΟΥ  |b ΠΑΡΑΣΚΕΥΗ  |z 2001/02/07